Herbal medicines : (Record no. 30899)
[ view plain ]
| 000 -LEADER | |
|---|---|
| fixed length control field | 02445cam a2200349 i 4500 |
| 001 - CONTROL NUMBER | |
| control field | ssj0001806240 |
| 003 - CONTROL NUMBER IDENTIFIER | |
| control field | EG-ScBUE |
| 005 - DATE AND TIME OF LATEST TRANSACTION | |
| control field | 20250217102517.0 |
| 008 - FIXED-LENGTH DATA ELEMENTS--GENERAL INFORMATION | |
| fixed length control field | 160701t2021 nyua f 000 0 eng d |
| 020 ## - INTERNATIONAL STANDARD BOOK NUMBER | |
| International Standard Book Number | 9781641163361 |
| 040 ## - CATALOGING SOURCE | |
| Original cataloging agency | NLM |
| Language of cataloging | eng |
| Description conventions | rda |
| Transcribing agency | NLM |
| Modifying agency | YDX |
| -- | MTG |
| -- | OCLCF |
| -- | MOU |
| -- | BTCTA |
| -- | YDXCP |
| -- | VET |
| -- | OHX |
| -- | OCLCO |
| -- | BDX |
| -- | NLM |
| -- | OCLCO |
| -- | OCLCA |
| -- | DLC |
| -- | WaSeSS |
| -- | EG-ScBUE |
| 082 04 - DEWEY DECIMAL CLASSIFICATION NUMBER | |
| Edition number | 22 |
| Classification number | 615.321 |
| Item number | HER |
| 130 0# - MAIN ENTRY--UNIFORM TITLE | |
| Uniform title | Herbal medicines (Inui) |
| 245 00 - TITLE STATEMENT | |
| Title | Herbal medicines : |
| Remainder of title | modern applications of traditional formulas / |
| Statement of responsibility, etc | editor Melissa Gould. |
| 264 #1 - PUBLICATION, DISTRIBUTION, ETC. (IMPRINT) | |
| Place of publication, distribution, etc | Forest Hills, NY : |
| Name of publisher, distributor, etc | Callisto Reference, |
| Date of publication, distribution, etc | [2021] |
| 264 #4 - PUBLICATION, DISTRIBUTION, ETC. (IMPRINT) | |
| Date of publication, distribution, etc | c2021. |
| 300 ## - PHYSICAL DESCRIPTION | |
| Extent | viii, 237 pages : |
| Other physical details | illustrations (some color) ; |
| Dimensions | 26 cm |
| 336 ## - CONTENT TYPE | |
| Source | rdacontent |
| Content type term | text |
| Content type code | txt |
| 337 ## - MEDIA TYPE | |
| Source | rdamedia |
| Media type term | unmediated |
| Media type code | n |
| 338 ## - CARRIER TYPE | |
| Source | rdacarrier |
| Carrier type term | volume |
| Carrier type code | nc |
| 506 ## - RESTRICTIONS ON ACCESS NOTE | |
| Terms governing access | Available on campus and off campus with authorized login. |
| 520 ## - SUMMARY, ETC. | |
| Summary, etc | "This book examines the use of herbal medicine in the treatment of intractable diseases as well as common health problems. Given the stringent quality control of herbal medicine such as Kampo and reproducibility of preclinical findings, together with overall fewer adverse events, its attractiveness continues to rise, and multi-component herbal medicine capable of targeting multiple sites can be useful for future drug discovery. Written for the Methods in Pharmacology and Toxicology series, this collection features practical advice for hands-on work in this exciting and expansive field. Authoritative and easily applicable, Herbal Medicines: New Horizons summarizes the current state and translational aspect of herbal medicine in modern society in order to help establish a rational therapy for patients"-- |
| Assigning source | Back cover. |
| 650 #7 - SUBJECT ADDED ENTRY--TOPICAL TERM | |
| Topical term or geographic name as entry element | Herbs |
| General subdivision | Therapeutic use. |
| Source of heading or term | BUEsh |
| 653 ## - INDEX TERM--UNCONTROLLED | |
| Arrived date list | February2025 |
| Resource For college | Pharmacy |
| 655 ## - INDEX TERM--GENRE/FORM | |
| Form subdivision | Reading book |
| 700 1# - ADDED ENTRY--PERSONAL NAME | |
| Personal name | Gould, Melissa, |
| Relator term | editor. |
| 856 40 - ELECTRONIC LOCATION AND ACCESS | |
| Host name | BLOOMINGTON |
| Uniform Resource Identifier | <a href="https://KG6EK7CQ2B.search.serialssolutions.com/ejp/?libHash=KG6EK7CQ2B#/search/?searchControl=title&searchType=title_code&criteria=TC0001806240">https://KG6EK7CQ2B.search.serialssolutions.com/ejp/?libHash=KG6EK7CQ2B#/search/?searchControl=title&searchType=title_code&criteria=TC0001806240</a> |
| 856 40 - ELECTRONIC LOCATION AND ACCESS | |
| Host name | INDIANAPOLIS |
| Uniform Resource Identifier | <a href="https://RX8KL6YF4X.search.serialssolutions.com/ejp/?libHash=RX8KL6YF4X#/search/?searchControl=title&searchType=title_code&criteria=TC0001806240">https://RX8KL6YF4X.search.serialssolutions.com/ejp/?libHash=RX8KL6YF4X#/search/?searchControl=title&searchType=title_code&criteria=TC0001806240</a> |
| 856 40 - ELECTRONIC LOCATION AND ACCESS | |
| Host name | COLUMBUS |
| Uniform Resource Identifier | <a href="https://RX8KL6YF4X.search.serialssolutions.com/ejp/?libHash=RX8KL6YF4X#/search/?searchControl=title&searchType=title_code&criteria=TC0001806240">https://RX8KL6YF4X.search.serialssolutions.com/ejp/?libHash=RX8KL6YF4X#/search/?searchControl=title&searchType=title_code&criteria=TC0001806240</a> |
| 942 ## - ADDED ENTRY ELEMENTS (KOHA) | |
| Source of classification or shelving scheme | Dewey Decimal Classification |
| Koha item type | Book - Borrowing |
| Withdrawn status | Lost status | Source of classification or shelving scheme | Damaged status | Not for loan | Collection code | Home library | Current library | Shelving location | Date acquired | Source of acquisition | Cost, normal purchase price | Serial Enumeration / chronology | Total Checkouts | Full call number | Barcode | Date last seen | Cost, replacement price | Price effective from | Koha item type |
|---|---|---|---|---|---|---|---|---|---|---|---|---|---|---|---|---|---|---|---|
| Dewey Decimal Classification | Baccah | Central Library | Central Library | First floor | 17/02/2025 | Purchase | 988.00 | 39022 | 615.321 HER | 000057262 | 15/07/2025 | 1235.00 | 17/02/2025 | Book - Borrowing |